Entrada Personal Name
Número de registros utilizados en: 1
001 - CONTROL NUMBER
- control field: 15926
003 - CONTROL NUMBER IDENTIFIER
- control field: DLC
005 - DATE AND TIME OF LATEST TRANSACTION
- control field: 20240703164620.0
008 - FIXED-LENGTH DATA ELEMENTS
- fixed length control field: 851203n| azannaabn |a aaa
010 ## - LIBRARY OF CONGRESS CONTROL NUMBER
- LC control number: n 85163495
- Canceled/invalid LC control number: nb2003049573
024 7# - OTHER STANDARD IDENTIFIER
- Standard number or code: 0000 0001 0936 7536
- Source of number or code: isni
035 ## - SYSTEM CONTROL NUMBER
- System control number: (Uk)001505613
035 ## - SYSTEM CONTROL NUMBER
- System control number: (OCoLC)oca01508442
040 ## - CATALOGING SOURCE
- Original cataloging agency: DLC
- Language of cataloging: spa
- Description conventions: rda
- Transcribing agency: Mx-PuUPA
- Modifying agency: DLC
- Modifying agency: Uk
- Modifying agency: DLC
- Modifying agency: MH
- Modifying agency: Mx-PuUPA
046 ## - SPECIAL CODED DATES
- Birth date: 19430202
- Source of date scheme: edtf
100 1# - HEADING--PERSONAL NAME
- Personal name: Lawrence, M. J.
- Fuller form of name: (Michael James)
- Dates associated with a name: 1943-
370 ## - ASSOCIATED PLACE
- Associated country: Gran Bretaña
- Source of term: naf
372 ## - FIELD OF ACTIVITY
- Field of activity: Historia Natural
- Source of term: lcsh
373 ## - ASSOCIATED GROUP
- Associated group: Colegio Universitario de Londres
- Source of term: naf
374 ## - OCCUPATION
- Occupation: Autor
375 ## - GENDER
- Gender: hombre
377 ## - ASSOCIATED LANGUAGE
- Language code: eng
400 1# - SEE FROM TRACING--PERSONAL NAME
- Personal name: Lawrence, Mike
- Fuller form of name: (Michael James)
- Dates associated with a name: 1943-
400 1# - SEE FROM TRACING--PERSONAL NAME
- Control subfield: nna
- Personal name: Lawrence, Michael James
- Dates associated with a name: 1943-
400 1# - SEE FROM TRACING--PERSONAL NAME
- Control subfield: nne
- Personal name: Lawrence, Michael,
- Dates associated with a name: 1943-
670 ## - SOURCE DATA FOUND
- Source citation: Brown, R.W. The Country Life guide to animals of Britain and Europe, 1984:
- Information found: t.p. (M.J. Lawrence) verso t.p. (Michael J. Lawrence) jkt. (Mike Lawrence)
670 ## - SOURCE DATA FOUND
- Source citation: LC data base, 11-27-85
- Information found: (hdg.: Lawrence, Michael James; usage: M. J. Lawrence)
670 ## - SOURCE DATA FOUND
- Source citation: Mammals of Britain : their tracks, trails and signs, 1973
- Information found: t.p. (M.J. Lawrence)
670 ## - SOURCE DATA FOUND
- Source citation: Tracks & signs of the birds of Britain & Europe, 2003:
- Information found: t.p. (Michael Lawrence ; line drawings by Michael Lawrence)
670 ## - SOURCE DATA FOUND
- Source citation: British Library author letters recd. 25 Oct. 1988 and 16 May 2003
- Information found: (Michael James Lawrence, born 2 February 1943)
670 ## - SOURCE DATA FOUND
- Source citation: NHBS (Natural History Book Service) website, viewed 14 April 2022:
- Information found: author details for "Tracks & signs of the birds of Britain & Europe" (Michael Lawrence has been interested in natural history from an early age and worked at the Zoology Department of University College London, where he became friends with co-author John Ferguson. Michael has travelled to study and record material that has helped inform multiple books, including The Country Life Guide to the Animals of Britain and Europe and the first and second editions of this book. Michael retains his special interest in foreign travel to study evidence of rare and unusual species.)